000 00867nam a22002297a 4500
005 20160607103800.0
010 _aENG-115210
020 _a9789351506232
_c950.00
035 _aEN-98742
037 _bDBAD/PUB
082 0 0 _a323.154
_223
245 0 0 _aFrom the margins to the mainstream :
_binstitutionalising minorities in South Asia /
_cedited by Hugo Gorringe, Roger Jeffery [and] Suryakant Waghmore
260 _aNew Delhi
_bSAGE Publications
_c2016
270 _aB1/I-1 Mohan Cooperative Industrial Area, Mathura Road
_bNew Delhi
_e110044
300 _axxxvi,294p. :
_bmaps
_c22cm(Hb)
500 _aIncludes bibliographical references and index.
650 0 _aMinorities
_xPolitical activity
_zSouth Asia.
700 1 _aGorringe, Hugo
_d1975-
700 1 _aJeffery,Roger
700 1 _aWaghmore,Suryakant
942 _2ddc
_cEN
_h323.154
_mFRO
999 _c100203
_d100203